Las Relaciones entre democracia y desarrollo humano /
Furkejuvvon:
| Váldodahkki: | |
|---|---|
| Materiálatiipa: | Texto |
| Fáttát: | |
| Fáddágilkorat: |
Lasit fáddágilkoriid
Eai fáddágilkorat, Lasit vuosttaš fáddágilkora!
|
MARC
| LEADER | 00000 a a2200000 04500 | ||
|---|---|---|---|
| 001 | 18563 | ||
| 003 | |||
| 040 | |||
| 100 | |a Villarreal F., Evelyn | ||
| 245 | |a Las Relaciones entre democracia y desarrollo humano / |c Evelyn Villarreal F. | ||
| 650 | |a DEMOCRACIA | ||
| 650 | |a DESARROLLO HUMANO | ||
| 650 | |a DERECHOS HUMANOS | ||
| 650 | |a DESARROLLO SOSTENIBLE | ||
| 773 | |g número 38; páginas 99- | ||
| 999 | |c 33378 |d 33378 | ||
